Catálogo
 En Linea

Qué es el folklore / (Registro nro. 16417)

Detalles MARC
000 -CABECERA
campo de control de longitud fija 00547nam a2200193 a 4500
001 - NÚMERO DE CONTROL
campo de control 000016885
005 - FECHA Y HORA DE LA ÚLTIMA TRANSACCIÓN
campo de control 20230519124857.0
008 - DATOS DE LONGITUD FIJA--INFORMACIÓN GENERAL
campo de control de longitud fija 100312s1981 dr a 000 0 spa d
040 ## - FUENTE DE LA CATALOGACIÓN
Centro catalogador/agencia de origen DO-SdBNP
Lengua de catalogación spa
Centro/agencia transcriptor BNPHU
040 ## - FUENTE DE LA CATALOGACIÓN
Centro catalogador/agencia de origen DO-SdBNP
082 ## - NÚMERO DE LA CLASIFICACIÓN DECIMAL DEWEY
Número de clasificación xxx
Número de documento/Ítem A683q
100 1# - ENTRADA PRINCIPAL--NOMBRE DE PERSONA
Nombre de persona Aretz, Isabel
9 (RLIN) 37365
245 10 - MENCIÓN DE TÍTULO
Título Qué es el folklore /
Mención de responsabilidad, etc. Isabel Aretz.
260 ## - PUBLICACIÓN, DISTRIBUCIÓN, ETC.
Lugar de publicación, distribución, etc. Santo Domingo :
Nombre del editor, distribuidor, etc. [s.n.],
Fecha de publicación, distribución, etc. 1981.
300 ## - DESCRIPCIÓN FÍSICA
Extensión 66 p. :
Otras características físicas il. ;
Dimensiones 21 cm.
490 1# - MENCIÓN DE SERIE
Mención de serie Publicaciones
Designación de volumen o secuencia 4
500 ## - NOTA GENERAL
Nota general Incluye notas al pie de páginas
830 #0 - PUNTO DE ACCESO ADICIONAL DE SERIE-TÍTULO UNIFORME
Título uniforme Publicaciones
Número de parte o sección de la obra 4
9 (RLIN) 37366
Existencias
Estado de retiro Estado de pérdida No para préstamo Código de colección Localización permanente Ubicación/localización actual Ubicación en estantería Fecha de adquisición Número de inventario Total de préstamos Signatura topográfica completa Código de barras Fecha visto por última vez Precio válido a partir de Tipo de ítem Koha
    Excluido de préstamo Patrimonio Dominicano Patrimonio Dominicano Patrimonio Dominicano Depósito 12.03.2010 LF1   xxx A683q 16885-10 25.06.2020 25.06.2020 Libro y Folleto Colección Patrimonio Dominicano

Con tecnología Koha